Open Data Biblioteca Nacional de Portugal


República Portuguesa: Ministério da Cultura
Biblioteca Nacional de Portugal

Catálogo da BNP: acesso por Identificadores Unívocos
Registos Bibliográficos associados ao registo de autoridade

Etiqueta de registo: 00230nam 2200025 450
001 1838245
003 http://id.bnportugal.gov.pt/bib/catbnp/1838245
010 ## $a978-972-788-669-2
021 ## $aPT$b354892/13
100 ## $a20130502d2013 k y0pory01030103ba
101 0# $apor
102 ## $aPT
105 ## $ay n 001yy
106 ## $ar
200 1# $aDireito tributário$ecolectânea de legislação$e ( anotado e remissivo)$fJoaquim Fernando Ricardo
205 ## $a15ª ed
210 #9 $aPorto$cVida Económica,$d2013
215 ## $a1468, [3] p.$d25 cm
320 ## $aBibliografia, p. 1377-1378
500 00 $aLeis, decretos, etc.
675 ## $a336.22(469)(094.4)$vBN$zpor$3696528
702 #1 $aRicardo,$bJoaquim Fernando$4020$31232103
710 01 $aPortugal.$376824
801 #0 $aPT$bBN$gRPC
856 41 $uhttp://rnod.bnportugal.gov.pt/ImagesBN/winlibimg.aspx?skey=&doc=1838245&img=25778&save=true
900 ## $aBIBNAC$d20130520
966 ## $lBN$mFGMON$sS.C. 133473 V.$x1

Etiqueta de registo: 00230nam 2200025 450
001 1832332
003 http://id.bnportugal.gov.pt/bib/catbnp/1832332
010 ## $a978-972-788-449-0
021 ## $aPT$b341386/12
100 ## $a20130227d2012 k y0pory01030103ba
101 0# $apor
102 ## $aPT
105 ## $ay n 001yy
106 ## $ar
200 1# $aDireito tributário$ecolectânea de legislação$e ( anotado e remissivo)$fJoaquim Fernando Ricardo
205 ## $a14ª ed
210 #9 $aPorto$cVida Económica,$d2012
215 ## $a1434, [5] p.$d25 cm
305 ## $aEd. atualiz. em Março 2012
320 ## $aBibliografia, p. 1343-1344
500 00 $aLeis, decretos, etc.
675 ## $a336.22(469)(094.4)$vBN$zpor$3696528
702 #1 $aRicardo,$bJoaquim Fernando$4020$31232103
710 01 $aPortugal.$376824
801 #0 $aPT$bBN$gRPC
856 41 $uhttp://rnod.bnportugal.gov.pt/ImagesBN/winlibimg.aspx?skey=&doc=1832332&img=24129&save=true
900 ## $aBIBNAC$d20130315
966 ## $lBN$mFGMON$sS.C. 132725 V.$x1
966 ## $lBN$mFGMON$sS.C. 132725 V.-D$x1

Etiqueta de registo: 00230nam 2200025 450
001 1820672
003 http://id.bnportugal.gov.pt/bib/catbnp/1820672
010 ## $a978-972-788-393-6
021 ## $aPT$b323531/11
100 ## $a20120816d2011 k y0pory0103 ba
101 0# $apor
102 ## $aPT
105 ## $ay n 001yy
106 ## $ar
200 1# $aDireito tributário$ecolectânea de legislação$e ( anotado e remissivo)$fJoaquim Fernando Ricardo
205 ## $a13ª ed
210 #9 $aPorto$cVida Económica,$dimp. 2011
215 ## $a1553, [1] p.$d25 cm
305 ## $aEd. actualiz. em março 2011
320 ## $aBibliografia, p. 1447-1448
500 00 $aLeis, decretos, etc.
675 ## $a336.22(469)(094.4)$vBN$zpor$3696528
702 #1 $aRicardo,$bJoaquim Fernando$4220$31232103
710 01 $aPortugal.$376824
801 #0 $aPT$bBN$gRPC
856 41 $uhttp://rnod.bnportugal.gov.pt/ImagesBN/winlibimg.aspx?skey=&doc=1820672&img=12694&save=true
900 ## $aBIBNAC$d20121029
966 ## $lBN$mFGMON$sS.C. 130959 V.$x1
966 ## $lBN$mFGMON$sS.C. 130959 V.-D$x1

Etiqueta de registo: 00230nam 2200025 450
001 1817343
003 http://id.bnportugal.gov.pt/bib/catbnp/1817343
010 ## $a978-972-788-353-0
021 ## $aPT$b312188/10
100 ## $a20120816d2010 k y0pory0103 ba
101 0# $apor
102 ## $aPT
105 ## $ay n 001yy
106 ## $ar
200 1# $aDireito tributário$ecolectânea de legislação$e ( anotado e remissivo)$fJoaquim Fernando Ricardo
205 ## $a10ª ed
210 #9 $aPorto$cVida Económica,$dimp. 2010
215 ## $a1518, [2] p.$d25 cm
320 ## $aBibliografia, p. 1413-1414
500 00 $aLeis, decretos, etc.
675 ## $a336.22(469)(094.4)$vBN$zpor$3696528
702 #1 $aRicardo,$bJoaquim Fernando$4220$31232103
710 01 $aPortugal.$376824
801 #0 $aPT$bBN$gRPC
856 41 $uhttp://rnod.bnportugal.gov.pt/ImagesBN/winlibimg.aspx?skey=&doc=1817343&img=11135&save=true
900 ## $aBIBNAC$d20120925
966 ## $lBN$mFGMON$sS.C. 130526 V.$x1
966 ## $lBN$mFGMON$sS.C. 130526 V.-D$x1

Etiqueta de registo: 00230nam 2200025 450
001 1701519
003 http://id.bnportugal.gov.pt/bib/catbnp/1701519
010 ## $a972-788-146-7
021 ## $aPT$b213660/04
100 ## $a20090204d2005 m y0pory0103 ba
101 0# $apor
102 ## $aPT
105 ## $ay n 001yy
106 ## $ar
200 1# $aDireito tributário$ecolectânea de legislação$eanotado e remissivo$f[compil.] Joaquim Fernando Ricardo
205 ## $a3ª ed
210 #9 $aPorto$cVida Económica,$d2005
215 ## $a1416, [8] p.$d25 cm
320 ## $aBibliografia, p. 1317-1318
500 00 $aLeis, decretos, etc.
675 ## $a336.22(469)(094.4)$vBN$zpor$3696528
702 #1 $aRicardo,$bJoaquim Fernando$4220$31232103
710 01 $aPortugal.$376824
801 #0 $aPT$bBN$gRPC
900 ## $aBIBNAC$d20130602
966 ## $lBN$mFGMON$sS.C. 115315 V.$x1

Etiqueta de registo: 00230nam 2200025 450
001 1701517
003 http://id.bnportugal.gov.pt/bib/catbnp/1701517
010 ## $a978-972-788-217-5
021 ## $aPT$b213660/04
100 ## $a20090204d2007 m y0pory0103 ba
101 0# $apor
102 ## $aPT
105 ## $ay n 001yy
106 ## $ar
200 1# $aDireito tributário$ecolectânea de legislação$enotas e remissões$f[compil.] Joaquim Fernando Ricardo
205 ## $a5ª ed
210 #9 $aPorto$cVida Económica,$d2007
215 ## $a1282, [2] p.$d25 cm
320 ## $aBibliografia, p. 1175-1176
500 00 $aLeis, decretos, etc.
675 ## $a336.22(469)(094.4)$vBN$zpor$3696528
702 #1 $aRicardo,$bJoaquim Fernando$4220$31232103
710 01 $aPortugal.$376824
801 #0 $aPT$bBN$gRPC
900 ## $aBIBNAC$d20130602
966 ## $lBN$mFGMON$sS.C. 115314 V.$x1

Etiqueta de registo: 00230nam 2200025 450
001 1701516
003 http://id.bnportugal.gov.pt/bib/catbnp/1701516
010 ## $a978-972-788-172-6
010 ## $a972-788-172-6
021 ## $aPT$b213660/04
100 ## $a20090204d2006 m y0pory0103 ba
101 0# $apor
102 ## $aPT
105 ## $ay n 001yy
106 ## $ar
200 1# $aDireito tributário$ecolectânea de legislação$eanotado e remissões$fanot. Joaquim Fernando Ricardo
205 ## $a4ª ed
210 #9 $aPorto$cVida Económica,$d2006
215 ## $a1205, [3] p.$d25 cm
320 ## $aBibliografia, p. 1109-1110
500 00 $aLeis, decretos, etc.
675 ## $a336.22(469)(094.4)$vBN$zpor$3696528
702 #1 $aRicardo,$bJoaquim Fernando$4020$31232103
710 01 $aPortugal.$376824
801 #0 $aPT$bBN$gRPC
900 ## $aBIBNAC$d20130602
966 ## $lBN$mFGMON$sS.C. 115375 V.$x1

Etiqueta de registo: 00230nam 2200025 450
001 1365799
003 http://id.bnportugal.gov.pt/bib/catbnp/1365799
010 ## $a972-788-120-3
021 ## $aPT$b213660/04
100 ## $a20060309d2004 m y0pory0103 ba
101 0# $apor
102 ## $aPT
105 ## $ay n 001yy
106 ## $ar
200 1# $aDireito tributário$ecolectânea de legislação$enotas e remissões$f[compil.] Joaquim Fernando Ricardo
205 ## $a2ª ed
210 #9 $aPorto$cVida Económica,$d2004
215 ## $a1535, [1] p.$d25 cm
675 ## $a336.22(469)(094.4)$vBN$zpor$3696528
702 #1 $aRicardo,$bJoaquim Fernando$4220$31232103
801 #0 $aPT$bBN$gRPC
900 ## $aBIBNAC$d20130602
966 ## $lBN$mFGMON$nDuplicado retirado para a PGR$sS.C. 104869 V.$x1

Etiqueta de registo: 00000nam 2200025 450
001 1859583
003 http://id.bnportugal.gov.pt/bib/catbnp/1859583
010 ## $a978-972-788-760-6$bv. 1)
010 ## $a978-972-788-967-9$bv. 2)
021 ## $aPT$b360742/13
100 ## $a20131223g20139999m y0pory01030103ba
101 0# $apor
102 ## $aPT
105 ## $ay z 001yy
106 ## $ar
200 1# $aManual do autarca$e o poder local e os seus eleitos$f[compil.] Joaquim Fernando Ricardo
210 #9 $aPorto$cVida Económica,$d2013-
215 ## $av.$d25 cm
327 0# $a1º v.: Princípios, processo eleitoral e referendo, estatuto do eleito local, criação e reorganização das autarquias locais, associativismo autárquico. - 907, [4] p.$av. 2: Gestão autárquica : coletânea de legislação atualizada, notas e remissões. - 1451, [2] p.
500 00 $aLeis, decretos, etc.
517 1# $aPrincípios, processo eleitoral e referendo, estatuto do eleito local, criação e reorganização das autarquias locais, associativismo autárquico
517 1# $aGestão autárquica$ecoletânea de legislação atualizada, notas e remissões
675 ## $a352(469)(094.4)$vBN$zpor$3427488
702 #1 $aRicardo,$bJoaquim Fernando$4220$31232103
710 01 $aPortugal.$376824
801 #0 $aPT$bBN$gRPC
856 41 $uhttp://rnod.bnportugal.gov.pt/ImagesBN/winlibimg.aspx?skey=&doc=1859583&img=37747&save=true
900 ## $aBIBNAC$d20140210
966 ## $b001$d1º v.$lBN$mFGMON$sC.G. 22413 V.
966 ## $b001$dV. 2$lBN$mFGMON$sC.G. 22413 V.$x1

Etiqueta de registo: 00230nam 2200025 450
001 1365795
003 http://id.bnportugal.gov.pt/bib/catbnp/1365795
010 ## $a972-788-097-5
021 ## $aPT$b198428/03
100 ## $a20060309d2003 m y0pory0103 ba
101 0# $apor
102 ## $aPT
105 ## $ay n 001yy
106 ## $ar
200 1# $aDireito tributário$ecolectânea de legislação$enotas e remissões$f[compil.] Joaquim Fernando Ricardo
205 ## $a1ª ed
210 #9 $aPorto$cVida Económica,$d2003
215 ## $a1099, [13] p.$d25 cm
320 ## $aBibliografia, p. 1049-1050
500 00 $aLeis, decretos, etc
675 ## $a336.22(469)(094.4)$vBN$zpor$3696528
702 #1 $aRicardo,$bJoaquim Fernando$4220$31232103
710 01 $aPortugal.$376824
801 #0 $aPT$bBN$gRPC
900 ## $aBIBNAC$d20130602
966 ## $lBN$mFGMON$nDuplicado retirado para a PGR$sS.C. 104796 V.$x1
966 ## $lBN$mFGMON$sS.C. 104796 V.-D $x1

Etiqueta de registo: 00230nam 2200025 450
001 1873267
003 http://id.bnportugal.gov.pt/bib/catbnp/1873267
010 ## $a978-972-788-896-2
021 ## $aPT$b370853/14
100 ## $a20140515d2014 k y0pory01030103ba
101 0# $apor
102 ## $aPT
105 ## $ay n 001yy
106 ## $ar
200 1# $aDireito tributário$ecoletânea de legislação$e ( anotado e remissivo)$fJoaquim Fernando Ricardo
205 ## $a16ª ed
210 #9 $aPorto$cVida Económica,$d2014
215 ## $a1548, [3] p.$d25 cm
320 ## $aBibliografia, p. 1451-1452
500 00 $aLeis, decretos, etc.
675 ## $a336.22(469)(094.4)$vBN$zpor$3696528
702 #1 $aRicardo,$bJoaquim Fernando$4020$31232103
710 01 $aPortugal.$376824
801 #0 $aPT$bBN$gRPC
856 41 $uhttp://rnod.bnportugal.gov.pt/ImagesBN/winlibimg.aspx?skey=&doc=1873267&img=42861&save=true
900 ## $aBIBNAC$d20140603
966 ## $lBN$mFGMON$sS.C. 137852 V.$x1

Etiqueta de registo: 00230nam 2200025 450
001 1905600
003 http://id.bnportugal.gov.pt/bib/catbnp/1905600
010 ## $a978-989-768-086-1
021 ## $aPT$b388135/15
100 ## $a20150713d2015 k y0pory01030103ba
101 0# $apor
102 ## $aPT
105 ## $ay n 001yy
106 ## $ar
200 1# $aDireito tributário$ecoletânea de legislação$e ( anotado e remissivo)$fJoaquim Fernando Ricardo
205 ## $a17ª ed
210 #9 $aPorto$cVida Económica,$d2015
215 ## $a1486, [1] p.$d25 cm
320 ## $aBibliografia, p. 1403-1404
500 00 $aLeis, decretos, etc.
675 ## $a336.22(469)(094.4)$vBN$zpor$3696528
702 #1 $aRicardo,$bJoaquim Fernando$4020$31232103
710 01 $aPortugal.$376824
801 #0 $aPT$bBN$gRPC
856 41 $uhttp://rnod.bnportugal.gov.pt/ImagesBN/winlibimg.aspx?skey=&doc=1905600&img=62030&save=true
900 ## $aBIBNAC$d20150908
966 ## $lBN$mFGMON$sS.C. 140918 V.$x1

Etiqueta de registo: 00230nam 2200025 450
001 1962046
003 http://id.bnportugal.gov.pt/bib/catbnp/1962046
010 ## $a978-989-768-323-2
021 ## $aPT$b409856/16
100 ## $a20170509d2016 m y0pory01030103ba
101 0# $apor
102 ## $aPT
105 ## $ay n 001yy
106 ## $ar
200 1# $aDireito tributário$ecomentado e anotado$fJoaquim Fernando Ricardo
205 ## $a18ª ed
210 #9 $aPorto$cVida Económica,$d2016
215 ## $a1306, [5] p.$d25 cm
500 00 $aLeis, decretos, etc.
675 ## $a336.22(469)(094.4)$vBN$zpor$3696528
702 #1 $aRicardo,$bJoaquim Fernando$4020$31232103
710 01 $aPortugal.$376824
801 #0 $aPT$bBN$gRPC
856 41 $uhttp://rnod.bnportugal.gov.pt/ImagesBN/winlibimg.aspx?skey=&doc=1962046&img=93659&save=true
900 ## $aBIBNAC$d20170524
966 ## $lBN$mFGMON$sS.C. 145537 V.$x1

Etiqueta de registo: 00230nam 2200025 450
001 1962050
003 http://id.bnportugal.gov.pt/bib/catbnp/1962050
010 ## $a978-989-768-310-7
021 ## $aPT$b420619/17
100 ## $a20170509d2017 k y0pory01030103ba
101 0# $apor
102 ## $aPT
105 ## $ay n 001yy
106 ## $ar
200 1# $aDireito tributário$eanotado e remissivo$fJoaquim Fernando Ricardo
205 ## $a19ª ed
210 #9 $aPorto$cVida Económica,$d2017
215 ## $a1306, [5] p.$d25 cm
500 00 $aLeis, decretos, etc.
675 ## $a336.22(469)(094.4)$vBN$zpor$3696528
702 #1 $aRicardo,$bJoaquim Fernando$4020$31232103
710 01 $aPortugal.$376824
801 #0 $aPT$bBN$gRPC
856 41 $uhttp://rnod.bnportugal.gov.pt/ImagesBN/winlibimg.aspx?skey=&doc=1962050&img=93660&save=true
900 ## $aBIBNAC$d20170524
966 ## $lBN$mFGMON$sS.C. 145538 V.$x1

Etiqueta de registo: 00230nam 2200025 450
001 1965099
003 http://id.bnportugal.gov.pt/bib/catbnp/1965099
010 ## $a978-989-768-320-6
021 ## $aPT$b422579/17
100 ## $a20170609d2017 k y0pory01030103ba
101 0# $apor
102 ## $aPT
105 ## $ay n 001yy
106 ## $ar
200 1# $aDireito aduaneiro da União$eanotado e remissivo$fJoaquim Fernando Ricardo
210 #9 $aPorto$cVida Económica,$d2017
215 ## $a1510, [1] p.$d24 cm
500 00 $aLeis, decretos, etc.
675 ## $a336.24(4-67UE)(094.4)$vBN$zpor$31444093
675 ## $a341.24(4-67UE)(094.4)$vBN$zpor$31373105
702 #1 $aRicardo,$bJoaquim Fernando$4020$31232103
710 01 $aPortugal.$376824
801 #0 $aPT$bBN$gRPC
856 41 $uhttp://rnod.bnportugal.gov.pt/ImagesBN/winlibimg.aspx?skey=&doc=1965099&img=95152&save=true
900 ## $aBIBNAC$d20170704
966 ## $lBN$mFGMON$sS.C. 145776 V.$x1

Etiqueta de registo: 00230nam 2200025 450
001 2001661
003 http://id.bnportugal.gov.pt/bib/catbnp/2001661
010 ## $a978-989-768-330-5
021 ## $aPT$b436908/18
100 ## $a20180926d2018 k y0pory01030103ba
101 0# $apor
102 ## $aPT
105 ## $ay n 001yy
106 ## $ar
200 1# $aDireito tributário$eanotado e remissivo$fJoaquim Ricardo
205 ## $a20ª ed
210 #9 $aPorto$cVida Económica,$d2018
215 ## $a1357, [2] p.$d25 cm
500 00 $aLeis, decretos, etc.
675 ## $a336.22(469)(094.4)$vBN$zpor$3696528
702 #1 $aRicardo,$bJoaquim Fernando$4020$31232103
710 01 $aPortugal.$376824
801 #0 $aPT$bBN$gRPC
856 41 $uhttp://rnod.bnportugal.gov.pt/ImagesBN/winlibimg.aspx?skey=&doc=2001661&img=115130&save=true
900 ## $aBIBNAC$d20181023
966 ## $lBN$mFGMON$sS.C. 148910 V.$x1
966 ## $lBN$mFGMON$sS.C. 148910 V.-D$x1

Etiqueta de registo: 00230nam 2200025 450
001 2001658
003 http://id.bnportugal.gov.pt/bib/catbnp/2001658
010 ## $a978-989-768-488-3
021 ## $aPT$b436908/18
100 ## $a20180926d2018 k y0pory01030103ba
101 0# $apor
102 ## $aPT
105 ## $ay n 001yy
106 ## $ar
200 1# $aDireito tributário$eanotado e remissivo$fJoaquim Ricardo
205 ## $a21ª ed
210 #9 $aPorto$cVida Económica,$d2018
215 ## $a1357 p.$d25 cm
500 00 $aLeis, decretos, etc.
675 ## $a336.22(469)(094.4)$vBN$zpor$3696528
702 #1 $aRicardo,$bJoaquim Fernando$4020$31232103
710 01 $aPortugal.$376824
801 #0 $aPT$bBN$gRPC
856 41 $uhttp://rnod.bnportugal.gov.pt/ImagesBN/winlibimg.aspx?skey=&doc=2001658&img=115131&save=true
900 ## $aBIBNAC$d20181012
966 ## $lBN$mFGMON$sS.C. 148911 V.$x1
966 ## $lBN$mFGMON$sS.C. 148911 V.-D$x1

Etiqueta de registo: 00230nam 2200025 450
001 2007548
003 http://id.bnportugal.gov.pt/bib/catbnp/2007548
010 ## $a978-989-768-449-4
021 ## $aPT$b442537/18
100 ## $a20181206d2018 k y0pory01030103ba
101 0# $apor
102 ## $aPT
105 ## $ay z 001yy
106 ## $ar
200 1# $aDireito aduaneiro da União$fJoaquim Fernando Ricardo
205 ## $a2ª ed
210 #9 $aPorto$cVida Económica,$d2018
215 ## $a1386, [5] p.$d24 cm
500 00 $aLeis, decretos, etc.
675 ## $a336.24(4-67UE)(094.4)$vBN$zpor$31444093
675 ## $a341.24(4-67UE)(094.4)$vBN$zpor$31373105
702 #1 $aRicardo,$bJoaquim Fernando$4212$31232103
710 01 $aPortugal.$376824
801 #0 $aPT$bBN$gRPC
856 41 $uhttp://rnod.bnportugal.gov.pt/ImagesBN/winlibimg.aspx?skey=&doc=2007548&img=117855&save=true
900 ## $aBIBNAC$d20190104
966 ## $lBN$mFGMON$sS.C. 149452 V.$x1

Etiqueta de registo: 00230nam 2200025 450
001 2035135
003 http://id.bnportugal.gov.pt/bib/catbnp/2035135
010 ## $a978-989-768-558-3
021 ## $aPT$b452040/19
100 ## $a20191129d2019 k y0pory01030103ba
101 0# $apor
102 ## $aPT
105 ## $ay n 001yy
106 ## $ar
200 1# $aDireito tributário$eanotado e remissivo$fJoaquim Ricardo
205 ## $a22ª ed
210 #9 $aPorto$cVida Económica,$d2019
215 ## $a1407, [1] p.$d24 cm
500 00 $aLeis, decretos, etc.$iDireito tributário
675 ## $a336.22(469)(094.4)$vBN$zpor$3696528
702 #1 $aRicardo,$bJoaquim Fernando$4020$31232103
710 01 $aPortugal.$376824
801 #0 $aPT$bBN$gRPC
856 41 $uhttp://rnod.bnportugal.gov.pt/ImagesBN/winlibimg.aspx?skey=&doc=2035135&img=133427&save=true
900 ## $aBIBNAC$d20191223
966 ## $lBN$mFGMON$sS.C. 152026 V.$x1
966 ## $lBN$mFGMON$sS.C. 152026 V.- D $x1

Etiqueta de registo: 00230nam 2200025 450
001 2059110
003 http://id.bnportugal.gov.pt/bib/catbnp/2059110
010 ## $a978-989-768-692-4
021 ## $aPT$b469908/20
100 ## $a20201106d2020 k y0pory01030103ba
101 0# $apor
102 ## $aPT
105 ## $ay n 001yy
106 ## $ar
200 1# $aDireito tributário$eanotado e remissivo$fJoaquim Ricardo
205 ## $a23ª ed
210 #9 $aPorto$cVida Económica,$d2020
215 ## $a1388, [1] p.$d24 cm
500 00 $aLeis, decretos, etc.$iDireito tributário
675 ## $a336.22(469)(094.4)$vBN$zpor$3696528
702 #1 $aRicardo,$bJoaquim Fernando$4212$31232103
710 01 $aPortugal.$376824
801 #0 $aPT$bBN$gRPC
856 41 $uhttp://rnod.bnportugal.gov.pt/ImagesBN/winlibimg.aspx?skey=&doc=2059110&img=144885&save=true
900 ## $aBIBNAC$d20201111
966 ## $lBN$mFGMON$sS.C. 153854 V.$x1
966 ## $lBN$mFGMON$sS.C. 153854 V.-D$x1

Etiqueta de registo: 00230nam 2200025 450
001 2093040
003 http://id.bnportugal.gov.pt/bib/catbnp/2093040
010 ## $a978-989-768-761-7
021 ## $aPT$b479152/21
100 ## $a20220218d2021 k y0pory01030103ba
101 0# $apor
102 ## $aPT
105 ## $ay n 001yy
106 ## $ar
200 1# $aDireito tributário$eanotado e remissivo$fJoaquim Ricardo
205 ## $a24ª ed
210 #9 $aPorto$cVida Económica,$d2021
215 ## $a1428, [11] p.$d24 cm
500 00 $aLeis, decretos, etc.$iDireito tributário
675 ## $a336.22(469)(094.4)$vBN$zpor$3696528
702 #1 $aRicardo,$bJoaquim Fernando$4212$31232103
710 01 $aPortugal.$376824
801 #0 $aPT$bBN$gRPC
856 41 $uhttp://rnod.bnportugal.gov.pt/ImagesBN/winlibimg.aspx?skey=&doc=2093040&img=161197&save=true
966 ## $lBN$mFGMON$sS.C. 157367 V.$x1
966 ## $lBN$mFGMON$sS.C. 157367 V.-D$x1
971 ## $cisantos$d20220218
972 ## $e0$z0$d20220303$vasantos

Etiqueta de registo: 00230nam 2200025 450
001 2123767
003 http://id.bnportugal.gov.pt/bib/catbnp/2123767
010 ## $a978-989-768-875-1
021 ## $aPT$b502129/22
100 ## $a20230216d2022 k y0pory01030103ba
101 0# $apor
102 ## $aPT
105 ## $ay n 001yy
106 ## $ar
200 1# $aDireito tributário$eanotado e remissivo$fJoaquim Ricardo
205 ## $a25ª ed
210 #9 $aPorto$cVida Económica,$d2022
215 ## $a1432, [7] p.$d24 cm
500 00 $aLeis, decretos, etc.$iDireito tributário
675 ## $a336.22(469)(094.4)$vBN$zpor$3696528
702 #1 $aRicardo,$bJoaquim Fernando$4212$31232103
710 01 $aPortugal.$376824
801 #0 $aPT$bBN$gRPC
856 41 $uhttp://rnod.bnportugal.gov.pt/ImagesBN/winlibimg.aspx?skey=&doc=2123767&img=174698&save=true
900 ## $aBIBNAC$d20230421
966 ## $lBN$mFGMON$sS.C. 160915 V.$x1
966 ## $lBN$mFGMON$sS.C. 160915 V.-D$x1
972 ## $e0$z0$d20230421$viquintas

Etiqueta de registo: 00230nam 2200025 450
001 2151676
003 http://id.bnportugal.gov.pt/bib/catbnp/2151676
010 ## $a978-989-768-996-3
021 ## $aPT$b512233/23
100 ## $a20231214d2023 k y0pory01030103ba
101 0# $apor
102 ## $aPT
105 ## $ay n 001yy
106 ## $ar
200 1# $aDireito tributário$eanotado e remissivo$fJoaquim Ricardo
205 ## $a26ª ed
210 #9 $aPorto$cVida Económica,$d2023
215 ## $a1432, [7] p.$d24 cm
500 00 $aLeis, decretos, etc.$iDireito tributário
675 ## $a336.22(469)(094.4)$vBN$zpor$3696528
702 #1 $aRicardo,$bJoaquim Fernando$4212$31232103
710 01 $aPortugal.$376824
801 #0 $aPT$bBN$gRPC
856 41 $uhttp://rnod.bnportugal.gov.pt/ImagesBN/winlibimg.aspx?skey=&doc=2151676&img=187011&save=true
900 ## $aBIBNAC$d20240108
966 ## $lBN$mFGMON$sS.C. 163207 V.$x1
966 ## $lBN$mFGMON$sS.C. 163207 V.-D$x1
971 ## $cssilva$d20231214
972 ## $e0$z0$d20240108$viquintas

Etiqueta de registo: 00254nam 2200025 450
001 2190453
003 http://id.bnportugal.gov.pt/bib/catbnp/2190453
010 ## $a978-989-892-199-4
021 ## $aPT$b517895/23
100 ## $a20241011d2023 m y0pory01030103ba
101 0# $apor
102 ## $aPT
105 ## $ay z 000ay
106 ## $ar
200 1# $aNoite submersa$fJoaquim Ricardo
205 ## $a1ª ed
210 #9 $aRio Tinto$cMosaico de Palavras,$d2023
215 ## $a111 p.$d21 cm
675 ## $a821.134.3-31"20"$vBN$zpor$31044234
700 #1 $aRicardo,$bJoaquim Fernando$31232103
801 #0 $aPT$bBN$gRPC
856 41 $uhttp://rnod.bnportugal.gov.pt/ImagesBN/winlibimg.aspx?skey=&doc=2190453&img=200730&save=true
900 ## $aBIBNAC$d20241122
966 ## $lBN$mFGMON$sL. 174046 V.$x1
966 ## $lBN$mFGMON$sL. 174046 V.-D$x1
971 ## $cabrito$d20241011
972 ## $e0$z0$d20241122$vasantos
973 ## $cmlsousa$d20241111

Etiqueta de registo: 00230nam 2200025 450
001 2194205
003 http://id.bnportugal.gov.pt/bib/catbnp/2194205
010 ## $a978-989-788-129-9
021 ## $aPT$b528618/24
100 ## $a20241030d2024 k y0pory01030103ba
101 0# $apor
102 ## $aPT
105 ## $ay n 001yy
106 ## $ar
200 1# $aDireito tributário$eanotado e remissivo$fJoaquim Ricardo
205 ## $a27ª ed
210 #9 $aPorto$cVida Económica,$d2024
215 ## $a1403, [4] p.$d24 cm
500 00 $aLeis, decretos, etc.$iDireito tributário
675 ## $a336.22(469)(094.4)$vBN$zpor$3696528
702 #1 $aRicardo,$bJoaquim Fernando$4212$31232103
710 01 $aPortugal.$376824
801 #0 $aPT$bBN$gRPC
856 41 $uhttp://rnod.bnportugal.gov.pt/ImagesBN/winlibimg.aspx?skey=&doc=2194205&img=200357&save=true
900 ## $aBIBNAC$d20241114
966 ## $lBN$mFGMON$sS.C. 165319 V.$x1
966 ## $lBN$mFGMON$sS.C. 165319 V.-D$x1
971 ## $cisantos$d20241030
972 ## $d20241114$e0$vlrevez$z0
973 ## $canasil$d20241031

Etiqueta de registo: 00230nam 2200025 450
001 2223999
003 http://id.bnportugal.gov.pt/bib/catbnp/2223999
010 ## $a978-989-788-219-7
021 ## $aPT$b544018/25
100 ## $a20250822d2025 k y0pory01030103ba
101 0# $apor
102 ## $aPT
105 ## $ay n 001yy
106 ## $ar
200 1# $aDireito tributário$eanotado e remissivo$fJoaquim Ricardo
205 ## $a28ª ed
210 #9 $aPorto$cVida Económica,$d2025
215 ## $a1455, [1] p.$d24 cm
500 00 $aLeis, decretos, etc.$iDireito tributário
675 ## $a336.22(469)(094.4)$vBN$zpor$3696528
702 #1 $aRicardo,$bJoaquim Fernando$4212$31232103
710 01 $aPortugal.$376824
801 #0 $aPT$bBN$gRPC
856 41 $uhttp://rnod.bnportugal.gov.pt/ImagesBN/winlibimg.aspx?skey=&doc=2223999&img=211391&save=true
900 ## $aBIBNAC$d20250908
966 ## $lBN$mFGMON$sS.C. 167432 V.$x1
966 ## $lBN$mFGMON$sS.C. 167432 V.-D$x1
971 ## $cisantos$d20250822
972 ## $e0$z0$d20250908$vlrevez
973 ## $cigoulao$d20250902

OpendataBNP@bnportugal.pt | Mais informação sobre acesso aos dados BNP